000 00749nam a2200229 i 4500
003 DO-SdBNP
005 20240920103950.0
007 ta
008 240920b2024 dr c|||| |||| 00| 0 spa d
040 _aDO-SdBNP
_bspa
_cBNPHU
_erda
082 1 _222
100 _aVargas Flores, Yáskara,
_eautor
_4aut.
_965330
245 1 0 _aYo estudié en Francia :
_bvivencias de una estudiante egresada de Francia /
_cYáska Vargas Flores
264 4 _aSanto Domingo :
_bEditora Santuario,
_c2024.
336 _atexto
_btxt
_2rdacontent
337 _asin mediación
_bn
_2rdamedia
338 _avolumen
_bnc
_2rdacarrier
500 _aIncluye datos biográficos del autor en las solapas
590 _aInventariado, 2024/BT
910 _aBtavárez
942 _2ddc
_cLBS1
999 _c57732
_d57732